| 000 | 00950nam a22001937a 4500 | ||
|---|---|---|---|
| 005 | 20240726154007.0 | ||
| 010 | _aHIN-128056 | ||
| 020 |
_c595.000 _a9789386818669 |
||
| 035 | _aHN-100402 | ||
| 037 | _bDBAD | ||
| 082 | _a305.4 | ||
| 100 |
_aआम्बेडकर, बाबासाहब _968981 |
||
| 245 |
_aभारतीय नारी : दशा एवं दिशा / _cबाबासाहब आम्बेडकर; प्रभाकर गजभिये द्वारा सम्पादित |
||
| 260 |
_aदिल्ली _bआर. के. पब्लिकेशन _c2023 |
||
| 270 |
_aएल -45, गलि नं. 5, शिवाजी मार्ग करतार नगर _bदिल्ली _e110053 |
||
| 300 |
_a200 पृ. _c22सेमी (सजिल्द) |
||
| 700 |
_a गजभिये, प्रभाकर _968980 |
||
| 942 |
_2ddc _cHN _h305.4 _mआम्बेड |
||
| 999 |
_c204548 _d204548 |
||